Ends in 'son' Presidents Quiz Stats

 Plays Quiz Updated Aug 20, 2012

Challenge
Share
Tweet
Embed
Score 0/8 Timer 01:00
0 Plays Today
President % Correct
Lyndon B. Johnson
81.3%
Andrew Johnson
81.3%
Andrew Jackson
79.1%
Thomas Jefferson
78.5%
William Henry Harrison
68.1%
Benjamin Harrison
68.1%
James Madison
62.5%
Woodrow Wilson
55.7%

You're not logged in!

Compare scores with friends on all Sporcle quizzes.
Join for Free
OR
Log In

You Might Also Like...

Show Comments

Extras

Top Quizzes Today


Score Distribution

Your Account Isn't Verified!

In order to create a playlist on Sporcle, you need to verify the email address you used during registration. Go to your Sporcle Settings to finish the process.

Report this User

Report this user for behavior that violates our Community Guidelines.

Details: